Best MLB Catchers ever. - Statistics

General Stats
  • This quiz has been taken 460 times
  • The average score is 9 of 15
Answer Stats
Rank Team Catcher % Correct
2. Reds Johnny Bench
94%
1. Yankees Yogi Berra
91%
3. Rangers Ivan Rodriguez
86%
7. Dodgers Mike Piazza
81%
6. Cardinals Yadier Molina
79%
12. Giants Buster Posey
70%
5. Red Sox Carlton Fisk
66%
15. Yankees Jorge Posada
66%
13. Twins Joe Mauer
62%
4. Dodgers Roy Campanella
57%
8. Mets Gary Carter
55%
10. Yankees Thurman Munson
49%
11. Yankees Bill Dickey
33%
14. Braves Joe Torre
24%
9. Tigers Mickey Cochrane
20%
No matching quizzes found
Score Distribution
Percent of People with Each Score
Percentile by Number Answered
Your Score History
You have not taken this quiz